000 00891nam a22002417a 4500
999 _c13139
_d13139
003 AR-CdUCM
008 190411b ||||| |||| 00| 0 spa d
020 _a978-607-404-678-6
040 _aMUNICIPALIDAD PROVINCIAL DEL CUSCO
_cBIBLIOTECA MUNICIPAL DEL CUSCO
082 _aES / 372.808 /
_bH59
110 _aMiles Kelly Publishing Ltd.
_931341
245 _aHistorias Clásicas de Vampiros y Transmutantes /
260 _aMéxico :
_bSilver Dolphin ;
_c2013.
300 _a512 páginas ;
_bIlustraciones
_c22cm
505 _aContenido: El conde Magnus -- Varmey el vampiro -- El horror del montículo -- La muerte de Lucy
650 _aHistorias
_92725
650 _aVampiros
_931352
650 _aEducación secundaria
_94648
700 _aThomas, Tig (compilador)
_931353
700 _aCaballero, Samantha (traducción)
_924667
942 _2ddc
_cLIBROS
945 _anom
_d2019-04-11